| 000 | 00761pam a2200229 a 4500 | ||
|---|---|---|---|
| 008 | |||
| 049 | _aMAIN | ||
| 090 | _aHF5691 | ||
| 100 | 1 | _aHighland, Esther Harris. | |
| 245 | 1 | 0 |
_aBusiness mathematics : _bintemediate certificate of insurance studies, Course Number 2120 / _cThe Insurance Institute Of South Africa. |
| 260 |
_aJohannesburg : _bThe institute of South Africal, _cc1997. |
||
| 300 |
_a(various pangings) : _bill. ; _c30 cm. |
||
| 500 | _aIncludes index. | ||
| 650 | 0 | _aBusiness mathematics. | |
| 700 | 1 | _aRosenbaum, Roberta S. | |
| 700 | 1 | _aPeselnick, Charles. | |
| 907 |
_a.b10176664 _b17-01-06 _c23-09-05 |
||
| 003 | |||
| 005 | 20230120193601.0 | ||
| 040 | _cNUST | ||
| 942 |
_cBOOKS _kHF5691 |
||
| 999 |
_c101713 _d101713 |
||